Športovo - relaxačné centrum Krčace

Saved in:
Bibliographic Details
Main Author: Kubica, Adam (Author)
Other Authors: Končeková, Danica (Thesis advisor)
Format: Manuscript Book
Language:Slovak
Published: Bratislava 2017
Subjects:
Online Access:http://is.stuba.sk/zp/portal_zp.pl?podrobnosti=126193
Tags: Add Tag
No Tags, Be the first to tag this record!

MARC

LEADER 00000ntm a22000003a 4500
001 stuzp63619
003 SK-STU
005 20210215083025.3
007 ta
008 150427s2015----xo-----f-mn---000-0-slo-d
040 |a STU  |b slo 
041 0 |a slo 
100 1 |a Kubica, Adam  |u 058180  |4 aut  |U FAD Fakulta architektúry  |T FA Ústav architektúry občianskych budov  |X 62493  |U A8180  |Y 399  |7 A000062493 
242 0 1 |a Sport-leisure center Krčace  |y eng 
245 1 0 |a Športovo - relaxačné centrum Krčace 
260 |c 2017  |a Bratislava 
650 4 |a udržatelnosť  |2 slo 
650 4 |a multifunkčnosť  |2 slo 
650 4 |a šport  |2 slo 
650 4 |a voľny čas  |2 slo 
650 4 |a leisure  |2 eng 
650 4 |a sustainability  |2 eng 
650 4 |a multifunctionality  |2 eng 
650 4 |a sport  |2 eng 
700 1 |a Končeková, Danica  |u 058180  |k Z1  |4 ths  |U FAD Fakulta architektúry  |T FA Ústav architektúry občianskych budov  |X 467  |U A8180  |Y 399  |7 A000000467 
856 4 |u http://is.stuba.sk/zp/portal_zp.pl?podrobnosti=126193  |u https://opac.crzp.sk/?fn=detailBiblioForm&sid=E7FF18FD4FFD5019DFF2EB3CC38C